| 000 | 00558nam a2200181Ia 4500 | ||
|---|---|---|---|
| 005 | 20250423095423.0 | ||
| 008 | 250422s9999 xx 000 0 und d | ||
| 020 | _a0195153243 | ||
| 050 | _aE 178 .3 .H22/ | ||
| 100 | _aHakim, Joy | ||
| 245 | 0 | _aFrom colonies to country | |
| 260 | _aNew York | ||
| 260 | _bOxford University Press | ||
| 260 | _cc2003 | ||
| 300 | _a216 p | ||
| 650 | _aUnited States --History --Colonial period, ca. 1600-1775 --Juvenile literature. United States --History --Revolution, 1775-1783 --Juvenile literature. | ||
| 942 | _cBK | ||
| 999 |
_c30223 _d30223 |
||